000 00580nam a2200229Ia 4500
003 OSt
005 20221005113559.0
006 a|||||r|||| 00| 0
007 ta
008 221004b |||||||| |||| 00| 0 tam d
024 _a47068
037 _cTextual
040 _aCRL
_cCRL
_btam
041 _2tam
_atam
082 _aLB:4:6, 31L6
100 _aThamizhvanan Au.
_9624548
245 0 _a100 andu vazh vathioppadi
260 _c1976
650 _aNATUROPATHY
_9588047
942 _hLB:4:6, 31L6
_cTEXL
_2cc
999 _c1028624
_d1028624